000 00911cad a22001935a 4500
001 L155204
008 120312e2012 xxk 000 0 eng d
035 _a(Sirsi) u155204
041 0 _aeng
110 2 _aUnited Kingdom
_bDepartment for Communities and Local Government
_94939
245 0 0 _aNewBuy
_bMortgage indemnity scheme for new build homes
_h[electronic resource]
260 _c2012
520 _aNewBuild scheme launched on 12 March 2012 offers 95% mortgages on newly built properties to people with 5% deposit backed by a Government mortgage indemnity scheme. Overview of scheme and information for home buyers, home builders and mortgage lenders.,
590 _aKA NTK
651 4 _aEngland
_y886-
690 _aResidential property
_96266
856 4 0 _uhttps://www.communities.gov.uk/housing/homeownership/newbuy/newbuyglance/
_zView this item free of charge at www.communities.gov.uk
942 _n0
999 _c83833
_d83833